00981nam a2200205Ia 4500952010300000999001700103008004100120020001500161050002200176100003100198245005900229260003200288300003700320505024300357519004400600650005200644650003800696700002900734942001200763 00102lcc4070a22b22d2022-09-14l0oF1219 L65 2005p16 001664r2022-09-14t1w2022-09-14yLB c72012d72012120626s9999 xx 000 0 und d a8441321183 aF1219 bL65 2005 aLonghena, María eautor  aPerú antiguo c/ María, Longhena y Alva, Walter  aEspaña b: Folio c, 2005 a288 páginas b: ilustraciones  aI. Prefacio II. Historia de las civilizaciones Andinas III. Vida cotidiana, arte y religión en los pueblos Andinos IV. Itinerario arqueológicos para América del Sur V. Glosario VI. Bibliografía VII. Créditos de las ilustraciones aMaterial Complementario / d(16 001664) 0aINDIOS DE MÉXICO DEL SUR vHISTORIA zPERÚ  0aCIVILIZACIONES ANDINAS vHISTORIA aWalter, Alba daeautor  cLB2lcc